000 00665nam a2200229 i 4500
001 50878
003 ES-MaACL
005 20230906162244.0
007 t|
008 030807s1968 sp ||||1| spa d
080 _a91(462.21 Hurdes)
080 _a821.134.2-992"19"
100 1 _aChamorro, Victor.
_937893
245 1 0 _aHurdes
_b: tierra sin tierra /
_cVíctor Chamorro.
260 _aBarcelona :
_bLinosa,
_c[1968]
300 _a251 p., 4 lám. ;
_c19 cm.
490 1 _aRayo de luz
651 4 _aLas Hurdes (Cáceres, Comarca)-
_xDescripción.
_9159907
830 0 _aRayo de luz
_9183629
852 _aES-MaACL
_jC-56783
_bR.68122
999 _c50878
_d50878